| 000 | 00816nam a22002897a 4500 | ||
|---|---|---|---|
| 001 | BR8801392 | ||
| 003 | BR-BrBNA | ||
| 005 | 20230928092848.0 | ||
| 007 | ta | ||
| 008 | 230509b bl.||||| |||| 00| 0 por d | ||
| 040 |
_aBR-BrBNA _bpor _cBiblioteca Nacional de Agricultura |
||
| 041 | _a(Por) | ||
| 072 | _aE71 | ||
| 090 | _ E71 BR8801392 | ||
| 100 | 1 | _aDalmon, D. | |
| 100 | 1 | _aGuimaraes Neto, L. | |
| 100 | 1 | _aCunha, O.A. da | |
| 110 | 1 |
_aAssociacao de Dirigentes de Vendas do Brasil, Porto Alegre, RS (Brasil) _9532 |
|
| 245 | 1 | _aProjeto agricola de exportacao | |
| 260 | 3 |
_aPorto Alegre, RS (Brasil): _bEd. Globo, _c1976. |
|
| 300 | _a145 p. | ||
| 500 | _a60 tables; 11 graphs | ||
| 650 | _aMERCADO INTERNACIONAL | ||
| 650 | _aEXPORTACAO | ||
| 909 |
_a202309 _bLucia _c55 _dLucia Elande |
||
| 942 | _cBK | ||
| 999 |
_c41633 _d41633 |
||